000 00412nam a2200145Ia 4500
008 230917s9999||||xx |||||||||||||| ||und||
040 _e2026
_aMAIN
041 _aEnglish
082 _a547.8 Sh22S
100 _aShapiro, Robert H
245 0 _aSpectral exercises in structural determination of organic compounds
260 _aNew York
_bHolt, Reinhart and Winston
_c1969
300 _axi, 209 p.
942 _cBK
999 _c166650
_d166650